Η εφαρμογή του στρατηγικού σχεδιασμού σε τοπικό επίπεδο στην Ελλάδα : το παράδειγμα του Μολύβου : πτυχιακή εργασία
Αποθηκεύτηκε σε:
| Κύριος συγγραφέας: | |
|---|---|
| Συγγραφή απο Οργανισμό/Αρχή: | |
| Άλλοι συγγραφείς: | |
| Μορφή: | Thesis Βιβλίο |
| Γλώσσα: | Greek |
| Δημοσίευση: |
Μυτιλήνη :
Πανεπιστήμιο Αιγαίου, Τμήμα Περιβάλλοντος,
1996
|
| Θέματα: | |
| Διαθέσιμο Online: | http://hdl.handle.net/11610/9957 |
| Ετικέτες: |
Προσθήκη ετικέτας
Δεν υπάρχουν, Καταχωρήστε ετικέτα πρώτοι!
|
MARC
| LEADER | 00000cam a2200000 i 4500 | ||
|---|---|---|---|
| 001 | 1/5573 | ||
| 008 | 000607s1996 gre d | ||
| 035 | |l 10061631 | ||
| 040 | |a GR-MY-UA |b gre |e aacr | ||
| 041 | 0 | |a gre | |
| 082 | 0 | |a 338.9 |2 (22) | |
| 100 | 1 | |a Χαραλάμπους, Αλέξανδρος. | |
| 245 | 1 | 2 | |a Η εφαρμογή του στρατηγικού σχεδιασμού σε τοπικό επίπεδο στην Ελλάδα : |b το παράδειγμα του Μολύβου : πτυχιακή εργασία / |c Χαραλάμπους Αλέξανδρος ; υπ. καθηγητής: Κοκκώσης Χάρης |
| 260 | |a Μυτιλήνη : |b Πανεπιστήμιο Αιγαίου, Τμήμα Περιβάλλοντος, |c 1996 | ||
| 300 | |a 82 σ.; |b πιν., σχ., χάρτες; |c 30 εκ. | ||
| 502 | |a Πτυχιακή εργασία – Πανεπιστήμιο Αιγαίου, Λέσβος, 1996. | ||
| 504 | |a Περιέχει παραρτήματα και βιβλιογραφία | ||
| 650 | 0 | 0 | |a Sustainable development |z Greece |z Methymna. |
| 650 | 0 | 0 | |a Economic development |z Greece |z Methymna. |
| 650 | 0 | 0 | |a Dissertations, Academic |z Greece. |
| 700 | 1 | |4 ths |a Κοκκώσης, Χαράλαμπος. | |
| 710 | 2 | |a Πανεπιστήμιο Αιγαίου. |b Σχολή Περιβάλλοντος. |b Τμήμα Περιβάλλοντος. | |
| 852 | |a INST |b LESVOS |c DIATR |e 20000607 |h 289 |p 005100025998 |q 005100025998 |t DIE |y 23 | ||
| 852 | |a INST |b LESVOS |c DIATR |e 20000607 |h 290 |p 005100025997 |q 005100025997 |t DIE |y 23 | ||
| 856 | |u http://hdl.handle.net/11610/9957 | ||
| 901 | |a BIBL1-2000-2 | ||
| 909 | |a Λ |b 080304 | ||
| 909 | |a Λ |b 080305 | ||
| 924 | |a ΧΑΡΑΛΑΜΠΟΥΣ |b ΑΛΕΞΑΝΔΡΟΣ |y ΛΕΣΒΟΣ |z 1996-03 | ||
| 970 | |a ΑΙΒΑΤΖΙΔΟΥ |b ΕΛΕΝΗ |z 2000/06/07 | ||